00648 2200217 4500001002100000005001500021035002000036007000300056008004100059020002200100082001200122084001800134100002900152245008900181250000600270260003300276300004700309700002800356650002900384990001700413INLIS00000000000137420260519084826 a0010-1123000005ta260519 j 0 ind  a978-602-8798-22-8 a297.246 a297.246 BAY t0 aBayu Indie ( Pengarang )1 aThe Great Prophent :bNabi Nuh A.S & Nabi Hud A.S /cBayu Indie ;editor Anna Fauziah a- aJakarta :bPustaka Lebah,c- a39 :bilus. ;gambar berwarna ;c28.5 cme-1 aAnna Fauziah ( Editor ) 4aIslam - cerita anak anak a00065/K/2012